[Event "Andalucia Absoluto"]
[Site "?"]
[Date "2007.??.??"]
[Round "?"]
[White "Camacho Collados, Jose"]
[Black "Rios del Moral, Neftali"]
[Result "1-0"]
[WhiteElo "2308"]
[BlackElo "2167"]
[PlyCount "151"]

1. Nf3 d5 2. g3 c6 3. Bg2 Bf5 4. c4 e6 5. cxd5 exd5 6. O-O Nf6 7. d3 Be7 8.
Nbd2 O-O 9. Re1 Nbd7 10. Nf1 h6 11. h3 Re8 12. g4 Bh7 13. Ng3 Bd6 14. Kh1 Qc7
15. Nf1 Ne5 16. Nxe5 Bxe5 17. e3 g5 18. Qd2 d4 19. e4 Nd7 20. Qe2 Nf8 21. h4
Ne6 22. Qf3 Nf4 23. Bxf4 Bxf4 24. Ng3 Bg6 25. Nf5 Bxf5 26. gxf5 f6 27. Qh5 Qg7
28. Bf3 Kf8 29. Bd1 Ke7 30. Bb3 Kd6 31. Be6 Re7 32. Rab1 a5 33. Qe2 Qf8 34. b4
Qd8 35. Qb2 Qb6 36. Qa3 a4 37. Re2 Rg7 38. Rc2 gxh4 39. b5+ c5 40. Rc4 Ra5 41.
Rxd4+ Kc7 42. Rd5 Bd6 43. d4 Rxb5 44. Rc1 Kc6 45. Qxa4 Qa5 46. Qc4 Qa3 47.
Rxd6+ Kxd6 48. Rc3 Qb4 49. dxc5+ Ke7 50. Qxb4 Rxb4 51. Bd5 Rb2 52. c6 b6 53.
Rf3 Rc2 54. Kh2 Kd6 55. Kh3 Rc1 56. Kxh4 Rh1+ 57. Rh3 Rhg1 58. Kh5 R1g2 59.
Kxh6 R2g5 60. Rb3 Kc7 61. Ra3 Kd6 62. Ra8 Rg1 63. Rf8 Ke5 64. f4+ Kxf4 65. Rxf6
Rc7 66. Rf7 Rxf7 67. Bxf7 Kxe4 68. Be6 Rc1 69. Bd7 Kd5 70. Kg7 Rg1+ 71. Kf8 Kd6
72. f6 Rg2 73. f7 Rxa2 74. Kg7 Rg2+ 75. Kf6 Rf2+ 76. Bf5 1-0

[Event "Andalucia Absoluto"]
[Site "?"]
[Date "2007.??.??"]
[Round "?"]
[White "Barrenechea Bahamode, Gustavo"]
[Black "Fernandez Gutierrez, Rafael"]
[Result "0-1"]
[WhiteElo "2200"]
[BlackElo "2231"]
[PlyCount "78"]

1. e4 e6 2. d4 d5 3. Nc3 dxe4 4. Nxe4 Nd7 5. Nf3 Ngf6 6. Bd3 Nxe4 7. Bxe4 Nf6
8. Bd3 c5 9. Be3 Qc7 10. Qe2 Be7 11. Ne5 O-O 12. O-O-O Rd8 13. g4 Nd5 14. Nxf7
Kxf7 15. Bxh7 Nf6 16. Qd3 Nxh7 17. Qxh7 Bd7 18. Qh5+ Kg8 19. g5 Bc6 20. Rhg1
Rd5 21. c4 Rf5 22. Qg6 Qc8 23. Qh5 Be8 24. Qg4 Bg6 25. d5 exd5 26. cxd5 Bd6 27.
h4 Rf8 28. Qe6+ Qxe6 29. dxe6 Bf4 30. e7 Bxe3+ 31. fxe3 Rfe8 32. Rd7 Kf7 33.
Rf1+ Ke6 34. Rfd1 Be4 35. R1d6+ Ke5 36. h5 Bc6 37. Rd8 Rxe7 38. h6 Rxd8 39.
Rxd8 gxh6 0-1

[Event "Andalucia Absoluto"]
[Site "?"]
[Date "2007.??.??"]
[Round "?"]
[White "Camacho Collados, Jose"]
[Black "Fernandez Siles, Luis"]
[Result "1/2-1/2"]
[WhiteElo "2308"]
[BlackElo "2266"]
[PlyCount "15"]

1. e4 c6 2. c4 d5 3. cxd5 cxd5 4. exd5 Nf6 5. d4 Nxd5 6. Nf3 Nc6 7. Bc4 e6 8.
O-O 1/2-1/2

 10. Kb1 Ne5 11. h4 Rc8 12. h5 Nxh5 13. g4 Nf6 14. Nd5 e6 15.
Nxf6+ Qxf6 16. Qh2 Rfd8 17. Qxh7+ Kf8 18. g5 Qe7 19. f4 Nc4 20. Bxc4 Rxc4 21.
Rh2 d5 22. f5 exf5 23. exf5 Bxf5 24. Nxf5 gxf5 25. Bc1 Qe5 26. Rdd2 Re4 27. Qh3
Re3 28. Qf1 Re1 29. Qb5 a6 30. Qb4+ Kg8 31. Rh3 Rxc1+ 32. Kxc1 Qe1+ *

[Event "Andalucia Absoluto"]
[Site "?"]
[Date "2007.??.??"]
[Round "?"]
[White "Cruz Ravina, Francisco"]
[Black "Galvez Extremera, Francisco"]
[Result "1/2-1/2"]
[WhiteElo "2303"]
[BlackElo "2129"]
[PlyCount "55"]

1. e4 c6 2. d4 d5 3. exd5 cxd5 4. c4 Nf6 5. Nc3 Nc6 6. Nf3 g6 7. cxd5 Nxd5 8.
Bc4 Nxc3 9. bxc3 Bg7 10. O-O O-O 11. Rb1 b6 12. Ng5 Bb7 13. Qf3 e6 14. Qh3 h6
15. Nf3 h5 16. Bd3 e5 17. Ng5 Qc8 18. Qg3 Qg4 19. Ba3 Rfd8 20. h3 Qxg3 21. fxg3
Rd7 22. Nxf7 exd4 23. Bc4 Kh7 24. Ng5+ Kh8 25. Nf7+ Kh7 26. Ng5+ Kh8 27. Nf7+
Kh7 28. Ng5+ 1/2-1/2

[Event "Andalucia Absoluto"]
[Site "?"]
[Date "2007.??.??"]
[Round "?"]
[White "Fernandez Gutierrez, Rafael"]
[Black "Cordon Gutierrez, Juan Pedro"]
[Result "0-1"]
[WhiteElo "2231"]
[BlackElo "2166"]
[PlyCount "78"]

1. c4 Nf6 2. g3 g6 3. Bg2 Bg7 4. Nf3 O-O 5. O-O c6 6. Nc3 d6 7. Rb1 a5 8. a3
Na6 9. b4 axb4 10. axb4 Nc7 11. b5 cxb5 12. Nxb5 Ra5 13. Nxc7 Qxc7 14. d3 Bd7
15. Be3 Rh5 16. Re1 b5 17. cxb5 Bxb5 18. Qb3 Bd7 19. Rec1 Qd8 20. Qb7 Bh3 21.
Bh1 e5 22. Bb6 Qe8 23. Rc7 Qe6 24. Be3 h6 25. Rc6 Rd8 26. Qb3 Qxb3 27. Rxb3 d5
28. Bc5 Re8 29. Ne1 e4 30. e3 Rhe5 31. Nc2 Bd7 32. Ra6 exd3 33. Nd4 Rc8 34. Ra5
Ne4 35. Ba3 d2 36. Bf3 Rc1+ 37. Kg2 Ng5 38. Rb8+ Kh7 39. Nb3 Bh3# 0-1

[Event "Andalucia Absoluto"]
[Site "?"]
[Date "2007.??.??"]
[Round "?"]
[White "Naranjo Moreno, Antonio"]
[Black "Jimenez de la Torre, Jose Antonio"]
[Result "1-0"]
[WhiteElo "2221"]
[BlackElo "2150"]
[PlyCount "63"]

1. e4 e5 2. Nf3 Nc6 3. Bb5 a6 4. Ba4 Nf6 5. O-O Be7 6. Re1 b5 7. Bb3 O-O 8. c3
d5 9. exd5 e4 10. dxc6 exf3 11. g3 Bd6 12. d4 Re8 13. Nd2 Bg4 14. Nf1 Ne4 15.
Qd3 Qe7 16. Ne3 Ng5 17. Bd2 Nh3+ 18. Kf1 Nf4 19. gxf4 Bh3+ 20. Kg1 Bxf4 21. Ng2
Qf6 22. Bxf4 Bxg2 23. Bc2 g6 24. Bg3 h5 25. Qd2 Kh7 26. Qf4 Qxf4 27. Bxf4 f6
28. d5 Bh3 29. Bxc7 Re2 30. Rxe2 fxe2 31. d6 Re8 32. Re1 1-0

[Event "Andalucia Absoluto"]
[Site "?"]
[Date "2007.??.??"]
[Round "?"]
[White "Jimenez Bernal, Francisco"]
[Black "Camacho Collados, Marcos"]
[Result "1-0"]
[WhiteElo "2107"]
[BlackElo "2180"]
[PlyCount "79"]

1. d4 Nf6 2. c4 g6 3. Nc3 Bg7 4. e4 d6 5. Nf3 O-O 6. Be2 Na6 7. O-O e5 8. Be3
Ng4 9. Bg5 Qe8 10. c5 exd4 11. Nd5 c6 12. Ne7+ Kh8 13. Bxa6 bxa6 14. cxd6 c5
15. Rc1 h6 16. Bh4 Qd7 17. Bg3 Nf6 18. Rxc5 Nxe4 19. Rc7 Qd8 20. Nc6 Qe8 21.
Re1 d3 22. Qxd3 Bf5 23. d7 Qe6 24. d8=Q Raxd8 25. Nxd8 Qf6 26. Nxf7+ Rxf7 27.
Rxf7 Qxf7 28. Rxe4 Bxe4 29. Qxe4 Qxa2 30. h4 Qxb2 31. Qxg6 a5 32. Qe8+ Kh7 33.
Qe4+ Kh8 34. Qa8+ Kh7 35. Qxa7 Qa1+ 36. Kh2 Kg8 37. Qa8+ Kh7 38. Qe4+ Kg8 39.
Qe8+ Kh7 40. Be5 1-0

[Event "Andalucia Absoluto"]
[Site "?"]
[Date "2007.??.??"]
[Round "?"]
[White "Garrido Dominguez, Jesus"]
[Black "Medina Menendez, Eduardo Matias"]
[Result "1-0"]
[WhiteElo "2347"]
[BlackElo "2049"]
[PlyCount "81"]

1. e4 e5 2. Nf3 d6 3. d4 Bg4 4. dxe5 Nd7 5. exd6 Bxd6 6. h3 Bh5 7. Be2 Ngf6 8.
O-O Bg6 9. Nc3 Qe7 10. Nb5 Nxe4 11. Nxd6+ Qxd6 12. Qxd6 Nxd6 13. Bf4 O-O-O 14.
Rfe1 Rhe8 15. Nh4 Be4 16. f3 Bc6 17. Bxd6 cxd6 18. Nf5 Ne5 19. Nxg7 Rg8 20. Nf5
Bxf3 21. Ne7+ Kc7 22. Nxg8 Rxg8 23. Bf1 h5 24. Kh2 Bc6 25. c4 Nxc4 26. Re7+ Kb6
27. Rxf7 Ne3 28. g3 h4 29. g4 d5 30. Re1 d4 31. Bd3 Re8 32. Re2 a5 33. g5 Re5
34. g6 Rg5 35. Rf4 Kc5 36. Rd2 Bg2 37. Rxh4 Bf1 38. Be4 Nc4 39. Rf2 Ne3 40.
Rhf4 d3 41. Rxf1 1-0

[Event "Andalucia Absoluto"]
[Site "?"]
[Date "2007.??.??"]
[Round "?"]
[White "Claros Egea, Cristian"]
[Black "Gavilan Diaz, Mario"]
[Result "1-0"]
[WhiteElo "2273"]
[BlackElo "2244"]
[PlyCount "127"]

1. e4 c5 2. Nf3 d6 3. Bb5+ Nc6 4. h3 Nf6 5. Nc3 e6 6. O-O Be7 7. e5 Nd5 8. Ne4
dxe5 9. Nxe5 Qc7 10. Bxc6+ bxc6 11. Nc4 O-O 12. d3 e5 13. Re1 f5 14. Ned2 Bf6
15. Nb3 f4 16. Qf3 Qe7 17. Bd2 Bf5 18. Re2 g5 19. Rae1 h5 20. Nxe5 Bxe5 21.
Rxe5 Qh7 22. Nxc5 g4 23. Qd1 gxh3 24. gxh3 Kh8 25. Kh2 Rg8 26. d4 Qg6 27. Rg1
Qxg1+ 28. Qxg1 Rxg1 29. Kxg1 Bxc2 30. Rxh5+ Kg7 31. Ne6+ Kg6 32. Re5 Rb8 33. b3
f3 34. h4 Rh8 35. h5+ Kf6 36. Bg5+ Kf7 37. Nd8+ Kg7 38. Nxc6 Nc3 39. Re7+ Kf8
40. Re5 Rg8 41. Kf1 Bd3+ 42. Ke1 Ne4 43. Nd8 Rh8 44. Be7+ Kg7 45. Ne6+ Kf7 46.
Ng5+ Nxg5 47. Bxg5 Rxh5 48. Kd2 Be2 49. Ke3 Kg6 50. Kf4 Rh2 51. Ke3 Rh5 52. Bf4
Rxe5+ 53. Bxe5 Kf5 54. Bb8 a6 55. d5 Kf6 56. Kd4 Ke7 57. Kc5 Kd7 58. Kb6 Bd3
59. b4 Bc4 60. a4 Bb3 61. Kxa6 Bxa4 62. b5 Bb3 63. b6 Bxd5 64. b7 1-0

[Event "Andalucia Absoluto"]
[Site "?"]
[Date "2007.??.??"]
[Round "?"]
[White "Robles Garcia, Claudia"]
[Black "Barrios Munyoz, Rafael Carlos"]
[Result "0-1"]
[WhiteElo "2153"]
[BlackElo "2106"]
[PlyCount "66"]

1. e4 d6 2. d4 Nf6 3. Nc3 c6 4. a4 g6 5. f4 Bg7 6. Nf3 O-O 7. Be2 a5 8. O-O Qb6
9. Kh1 Na6 10. e5 Nd5 11. Nxd5 cxd5 12. c3 Bd7 13. Bd3 dxe5 14. Nxe5 Bxe5 15.
fxe5 f5 16. Qe1 Nc7 17. Qh4 Rf7 18. g4 f4 19. Bxf4 Qxb2 20. Bh6 Be6 21. Rxf7
Kxf7 22. Rf1+ Ke8 23. Bf8 Qa3 24. Qxh7 Kd7 25. Bxg6 Rxf8 26. Rxf8 Qxc3 27. Bf5
Qxd4 28. Bxe6+ Nxe6 29. Qh5 Nxf8 30. Qf5+ Ne6 31. h4 Qe4+ 32. Kg1 Qxf5 33. gxf5
Nd4 0-1

[Event "Andalucia Absoluto"]
[Site "?"]
[Date "2007.??.??"]
[Round "?"]
[White "Zamudio Diaz, Angel"]
[Black "Carrabeo Garcia, Manuel"]
[Result "1-0"]
[WhiteElo "2063"]
[BlackElo "2185"]
[PlyCount "119"]

1. d4 Nf6 2. c4 e6 3. Nf3 b6 4. e3 Bb7 5. Bd3 d5 6. cxd5 exd5 7. O-O Bd6 8. b3
Qe7 9. Bb2 Nbd7 10. Qe2 a6 11. a4 O-O 12. Ba3 Bxa3 13. Nxa3 Rfe8 14. Rfc1 Qd6
15. a5 b5 16. Bxb5 axb5 17. Nxb5 Qa6 18. Qf1 c6 19. Nc7 Qxf1+ 20. Kxf1 Rec8 21.
Nxa8 Rxa8 22. Ke1 Ra6 23. b4 Ne8 24. Nd2 Nd6 25. Rab1 Nb5 26. g4 Kf8 27. g5 Ke7
28. f3 Kd6 29. Kf2 Ra8 30. Nf1 Nb8 31. Ng3 Bc8 32. Rb3 g6 33. h4 Na6 34. h5 Rb8
35. hxg6 hxg6 36. Rcb1 Be6 37. Kg2 Kd7 38. Kg1 Nd6 39. Kf2 Nc4 40. Ke2 Bf5 41.
Nxf5 gxf5 42. Rh1 Re8 43. f4 Nc7 44. Rh7 Re7 45. g6 fxg6 46. Rxe7+ Kxe7 47. Rb1
Nd6 48. Rg1 Kf6 49. Rc1 Nc4 50. Kd3 Na6 51. Rxc4 dxc4+ 52. Kxc4 g5 53. fxg5+
Kxg5 54. b5 cxb5+ 55. Kxb5 Nc7+ 56. Kc6 Na6 57. Kb7 Nb4 58. a6 Nxa6 59. Kxa6 f4
60. exf4+ 1-0

[Event "Andalucia Absoluto"]
[Site "?"]
[Date "2007.??.??"]
[Round "?"]
[White "Gonzalez Galvan, Juan Manuel"]
[Black "Diaz Rodriguez, Jose Antonio"]
[Result "1-0"]
[WhiteElo "2285"]
[BlackElo "2096"]
[PlyCount "82"]

1. e4 e6 2. d3 d5 3. Nd2 dxe4 4. dxe4 Bc5 5. c3 e5 6. Ngf3 Qe7 7. Nc4 Nd7 8.
Bg5 Ngf6 9. Qc2 O-O 10. a4 a5 11. Be2 b6 12. Nh4 Bxf2+ 13. Kxf2 Ng4+ 14. Bxg4
Qxg5 15. Bxd7 Qxh4+ 16. g3 Qf6+ 17. Bf5 g6 18. Ne3 gxf5 19. Nxf5 Bxf5 20. exf5
Rfe8 21. Qe4 Rad8 22. Rad1 Qh6 23. Qe3 Qh5 24. Qf3 Qg5 25. Rhe1 f6 26. h4 Qg7
27. Rd5 Rxd5 28. Qxd5+ Qf7 29. Rd1 Qxd5 30. Rxd5 Kf7 31. b4 axb4 32. cxb4 Ke7
33. g4 c6 34. Rd1 Ra8 35. Ra1 Rd8 36. a5 bxa5 37. bxa5 Ra8 38. Ke3 Kd6 39. g5
Ra7 40. gxf6 c5 41. a6 Kd5 1-0

[Event "Andalucia Absoluto"]
[Site "?"]
[Date "2007.??.??"]
[Round "?"]
[White "Hermosin Bustos, Manuel"]
[Black "Lupion Linares, Mariano"]
[Result "1-0"]
[WhiteElo "2110"]
[BlackElo "1899"]
[PlyCount "79"]

1. d4 d5 2. Bf4 Nf6 3. Nf3 c5 4. e3 Qb6 5. Qc1 cxd4 6. exd4 Nc6 7. c3 Bf5 8.
Be2 Nh5 9. Be3 e6 10. O-O Bd6 11. Nbd2 Nf4 12. Re1 Nxe2+ 13. Rxe2 O-O 14. Ne5
Qc7 15. Nef3 Rac8 16. h3 Nb4 17. Ne1 Bh2+ 18. Kh1 Bd6 19. Ndf3 Nd3 20. Nxd3
Bxd3 21. Re1 f6 22. Qd2 Bg6 23. Nh4 Bf7 24. Rf1 b5 25. Rac1 a5 26. a3 Qc4 27.
Nf3 Rfe8 28. Rfe1 Qb3 29. Ra1 b4 30. axb4 axb4 31. Ra6 bxc3 32. bxc3 Bb8 33.
Rea1 Qxc3 34. Rb1 Qxd2 35. Nxd2 Bg6 36. Rba1 Rc2 37. Rb6 Rec8 38. Nf3 e5 39.
Ra8 exd4 40. Rbxb8 1-0

[Event "Andalucia Absoluto"]
[Site "?"]
[Date "2007.??.??"]
[Round "?"]
[White "Quesada Aguilera, Antonio"]
[Black "Ladron de Guevara Pinto, Fermin"]
[Result "1/2-1/2"]
[WhiteElo "2083"]
[BlackElo "2040"]
[PlyCount "108"]

1. d4 e6 2. c4 f5 3. g3 Nf6 4. Bg2 Be7 5. Nc3 d6 6. Nh3 O-O 7. Qb3 c6 8. Nf4 a5
9. O-O Qe8 10. e4 Qf7 11. exf5 exf5 12. Bd2 g5 13. Nd3 h6 14. Rae1 Nbd7 15. f4
g4 16. Re2 Bd8 17. Rfe1 Nb6 18. c5 Nc4 19. cxd6 Nxd6 20. Qxf7+ Kxf7 21. d5 cxd5
22. Nxd5 Nfe4 23. Be3 Be6 24. Ne5+ Kg7 25. Rd1 Rc8 26. Nb6 Rc7 27. Bd4 Bf6 28.
b3 h5 29. Ree1 Re8 30. Rc1 Ree7 31. Na8 Rxc1 32. Rxc1 Nb5 33. Bb2 Nbd6 34. Nb6
h4 35. gxh4 Kh7 36. Ba3 Rg7 37. Rd1 Nb5 38. Bb2 Nbc3 39. Bxc3 Nxc3 40. Rd2 Bxh4
41. Nd5 Bxd5 42. Bxd5 Be1 43. Rd3 g3 44. Bf3 Nxa2 45. Rd7 gxh2+ 46. Kxh2 Bg3+
47. Kh3 Bxf4 48. Rxg7+ Kxg7 49. Nd3 Bd6 50. Bxb7 Kf6 51. Kg2 Kg5 52. Kf3 Nc3
53. Bc6 Kf6 54. Kg2 Kg5 1/2-1/2

[Event "Andalucia Absoluto"]
[Site "?"]
[Date "2007.??.??"]
[Round "?"]
[White "Amat Sanchez, Pedro Antonio"]
[Black "Jimenez Capilla, Jose Alfonso"]
[Result "0-1"]
[WhiteElo "2068"]
[BlackElo "2014"]
[PlyCount "53"]

1. c4 Nf6 2. Nc3 d5 3. cxd5 Nxd5 4. d4 g6 5. Nf3 Bg7 6. e4 Nxc3 7. bxc3 O-O 8.
Be3 c5 9. Be2 Qa5 10. O-O Nc6 11. Qb3 Rb8 12. Bf4 e5 13. dxe5 b5 14. Qd5 Qb6
15. Be3 Rd8 16. Bxc5 Rxd5 17. Bxb6 Rd7 18. Bc5 Nxe5 19. Rad1 Nxf3+ 20. gxf3
Bxc3 21. a3 a6 22. f4 a5 23. Bd6 Rb6 24. e5 b4 25. Rd5 Ba6 26. Rc5 Rbxd6 27.
Bxa6 0-1

[Event "Andalucia Absoluto"]
[Site "?"]
[Date "2007.??.??"]
[Round "?"]
[White "Blanco Villalba, Jose Francisco"]
[Black "Martinez Rubi, Alberto"]
[Result "0-1"]
[WhiteElo "2003"]
[BlackElo "1928"]
[PlyCount "82"]

1. d4 Nf6 2. c4 g6 3. Nc3 Bg7 4. Nf3 O-O 5. Bf4 d6 6. e3 Nbd7 7. Be2 c6 8. O-O
h6 9. h3 Nh7 10. Qc2 e5 11. Bh2 Qe7 12. Rfd1 f5 13. b4 g5 14. dxe5 dxe5 15. c5
f4 16. exf4 gxf4 17. Bc4+ Kh8 18. Re1 Ng5 19. Nxg5 Qxg5 20. f3 Nf6 21. Kh1 Bf5
22. Bd3 Bxd3 23. Qxd3 Rad8 24. Qe2 e4 25. Rad1 e3 26. Rxd8 Rxd8 27. Rd1 Rxd1+
28. Qxd1 Nd5 29. Ne4 Qe5 30. Qe2 Nxb4 31. g3 Qa1+ 32. Kg2 fxg3 33. Bxg3 Qxa2
34. Qxa2 Nxa2 35. Bf4 Bd4 36. Kf1 Nc1 37. Bc7 Nd3 38. Ke2 Nxc5 39. Nd6 Nb3 40.
Nxb7 Nc1+ 41. Ke1 Bc3+ 0-1

[Event "Andalucia Absoluto"]
[Site "?"]
[Date "2007.??.??"]
[Round "?"]
[White "Jimenez Capilla, Martin R"]
[Black "Herrera Delgado, Alejandro"]
[Result "0-1"]
[WhiteElo "1968"]
[BlackElo "2092"]
[PlyCount "54"]

1. d4 d5 2. Nf3 Nc6 3. Nbd2 Bf5 4. a3 Nf6 5. e3 e6 6. c4 Be7 7. cxd5 exd5 8.
Bb5 O-O 9. O-O Bd6 10. b3 Ne7 11. Bb2 Ng6 12. Rc1 Qe7 13. a4 c6 14. Be2 Rfe8
15. Nb1 Ne4 16. Nc3 Nh4 17. Nxe4 Bxe4 18. g3 Nxf3+ 19. Bxf3 Qg5 20. Bc3 Re6 21.
Bxe4 dxe4 22. h4 Qf5 23. Kg2 Rae8 24. Qe2 Rg6 25. b4 Ree6 26. b5 Rg4 27. Be1
Rxh4 0-1

[Event "Andalucia Absoluto"]
[Site "?"]
[Date "2007.??.??"]
[Round "?"]
[White "Penya Dieguez, Manuel"]
[Black "Weber, Francois"]
[Result "0-1"]
[WhiteElo "2057"]
[BlackElo "2156"]
[PlyCount "74"]

1. e4 e5 2. Nc3 Nf6 3. f4 d5 4. fxe5 Nxe4 5. Nf3 Be7 6. d3 Nc5 7. Be3 Ne6 8. d4
f5 9. Bd3 O-O 10. O-O c5 11. b3 Nc6 12. Ne2 f4 13. Bf2 Nb4 14. c3 Nxd3 15. Qxd3
b6 16. Kh1 Bb7 17. Qd2 g5 18. Be1 Rf7 19. g4 Qf8 20. Neg1 h5 21. h3 hxg4 22.
hxg4 Rh7+ 23. Nh2 Qh6 24. Ngf3 Kg7 25. Kg1 Rah8 26. Rf2 Qg6 27. Qc2 Qe8 28. Rd1
Rh3 29. Rg2 Qc6 30. Qb1 Rd8 31. Rb2 b5 32. Rc2 Qb6 33. Qc1 c4 34. b4 Bc6 35. a3
Be8 36. Kg2 Rh6 37. Ra2 37... Bd7 {Ilegible} 0-1

[Event "Andalucia Absoluto"]
[Site "?"]
[Date "2007.??.??"]
[Round "?"]
[White "Guadamuro Torrente, Ana Isabel"]
[Black "Custa Bustos, Raul"]
[Result "0-1"]
[WhiteElo "2091"]
[BlackElo "2126"]
[PlyCount "108"]

1. e4 e6 2. Nf3 d5 3. Nc3 d4 4. Ne2 c5 5. c3 dxc3 6. Nxc3 Nc6 7. Bb5 Bd7 8. d3
Nf6 9. Bg5 Qc7 10. Bc4 a6 11. a4 Be7 12. O-O O-O 13. Bh4 Rad8 14. Re1 Bc8 15.
Qd2 Rd7 16. Rad1 Rfd8 17. Bg3 Qb6 18. Ne5 Nxe5 19. Bxe5 Ne8 20. Bg3 Nd6 21. Ba2
Qc6 22. Qe2 Ne8 23. Bc4 Nc7 24. h3 b6 25. Qg4 Bb7 26. Be5 Ne8 27. Re3 Bf6 28.
Bxf6 Nxf6 29. Qg5 h6 30. Qh4 Rd4 31. Rde1 Qc7 32. Rg3 Bc6 33. f4 Kf8 34. Ne2
Rxc4 35. dxc4 Nxe4 36. Re3 Nd6 37. Rd3 Re8 38. b3 Nf5 39. Qf2 Qe7 40. Nc3 Nh4
41. Ne4 Nxg2 42. Qxg2 f5 43. Qg6 Bxe4 44. Rg3 Qd7 45. Rge3 Qd4 46. Qg3 Rd8 47.
Qf2 Qf6 48. Kh2 Rd4 49. R1e2 Qd8 50. Kg3 Qd6 51. Re1 g5 52. Kh2 gxf4 53. Rc3
Rd2 54. Re2 f3+ 0-1

[Event "Andalucia Absoluto"]
[Site "?"]
[Date "2007.??.??"]
[Round "?"]
[White "Arboledas Fernandez, Antonio Abad"]
[Black "Justiniano Marquez, Marco Antonio"]
[Result "0-1"]
[WhiteElo "2035"]
[BlackElo "2160"]
[PlyCount "118"]

1. d4 c5 2. e3 cxd4 3. exd4 d5 4. Bd3 Nc6 5. c3 Nf6 6. f4 g6 7. Nf3 Bg4 8. h3
Bxf3 9. Qxf3 Bg7 10. O-O e6 11. Nd2 O-O 12. Re1 a6 13. Nf1 b5 14. g4 Re8 15.
Bd2 Qb6 16. Kh1 b4 17. Re2 bxc3 18. bxc3 Na5 19. Rae1 Nc4 20. Bc1 Rac8 21. f5
exf5 22. gxf5 Rxe2 23. Rxe2 Nd6 24. fxg6 hxg6 25. Bd2 Nde4 26. Bxe4 Nxe4 27.
Be1 Qf6 28. Re3 Qxf3+ 29. Rxf3 Rb8 30. Ne3 Rb1 31. Rf1 Bh6 32. Nxd5 Ng3+ 33.
Bxg3 Rxf1+ 34. Kg2 Ra1 35. Be5 Rxa2+ 36. Kf3 Bg7 37. Bxg7 Kxg7 38. c4 Ra3+ 39.
Ke4 Rxh3 40. c5 a5 41. Nb6 Rc3 42. Kd5 g5 43. c6 g4 44. Nc4 g3 45. c7 g2 46.
c8=Q g1=Q 47. Qf5 Qh1+ 48. Kd6 Qh6+ 49. Kd5 Qe6+ 50. Qxe6 fxe6+ 51. Kc5 Kf7 52.
Kb5 Rxc4 53. Kxc4 Ke7 54. Kb5 Kd6 55. Kxa5 Kd5 56. Kb4 Kxd4 57. Kb3 Kd3 58. Kb2
Kd2 59. Kb3 e5 0-1

[Event "Andalucia Absoluto"]
[Site "?"]
[Date "2007.??.??"]
[Round "?"]
[White "Velandrino Gomez, Maria Cielo"]
[Black "Bolle, Lendert"]
[Result "0-1"]
[WhiteElo "2034"]
[BlackElo "2003"]
[PlyCount "38"]

1. d4 f5 2. h3 d5 3. g4 g6 4. gxf5 Bxf5 5. Bg2 Bg7 6. c4 c6 7. cxd5 cxd5 8. Qb3
e6 9. Qxb7 Nd7 10. Nf3 Ngf6 11. O-O O-O 12. Nc3 Nh5 13. Bg5 Ndf6 14. b3 h6 15.
Bd2 Ne4 16. e3 Qf6 17. Rac1 Nxd2 18. Nxd2 Bd3 19. Na4 19... Bxf1 {Ilegible} 0-1

[Event "Andalucia Absoluto"]
[Site "?"]
[Date "2007.??.??"]
[Round "?"]
[White "Martin Galvez, Manuel"]
[Black "Ortega Valle, Jose Ramon"]
[Result "1-0"]
[WhiteElo "2086"]
[BlackElo "2050"]
[PlyCount "61"]

1. d4 Nf6 2. c4 g6 3. Nf3 Bg7 4. Nc3 O-O 5. Bf4 d6 6. h3 Nbd7 7. e3 Re8 8. Be2
Nh5 9. Bh2 e5 10. dxe5 dxe5 11. Rc1 c6 12. O-O Qb6 13. Qc2 f5 14. Rfd1 e4 15.
Nd4 Nhf6 16. Na4 Qb4 17. a3 Qe7 18. c5 Nd5 19. Bd6 Qg5 20. Bc4 N7f6 21. Nc3 Kh8
22. Nxd5 cxd5 23. Bf4 Qh4 24. Bb5 Rg8 25. Bg3 Qh6 26. c6 g5 27. cxb7 Bxb7 28.
Nxf5 Qh5 29. Bc7 Bc8 30. Nxg7 Rxg7 31. Bd8 1-0

[Event "Andalucia Absoluto"]
[Site "?"]
[Date "2007.??.??"]
[Round "?"]
[White "Salido Polo, Veronica"]
[Black "Reina Aguilar, Marcelo"]
[Result "1-0"]
[WhiteElo "1721"]
[BlackElo "2001"]
[PlyCount "95"]

1. e4 c5 2. Nf3 Nc6 3. d4 cxd4 4. Nxd4 g6 5. Nc3 Bg7 6. Be3 Nf6 7. f3 O-O 8.
Bc4 Na5 9. Be2 d5 10. e5 Ne8 11. f4 Nc4 12. Bc1 a6 13. b3 Na5 14. O-O Nc6 15.
Kh1 Nc7 16. Na4 Nxd4 17. Qxd4 Nb5 18. Qf2 Bf5 19. Nb6 Rb8 20. Bb2 d4 21. Bxb5
Qxb6 22. Bd3 Bxd3 23. Bxd4 Qb5 24. cxd3 Qxd3 25. Rad1 Qf5 26. Qh4 Rfe8 27. Rde1
Rbd8 28. g4 Qd7 29. Be3 Qc6+ 30. Kg1 e6 31. f5 exf5 32. Bg5 Rd4 33. h3 Qd7 34.
Bf6 Rd2 35. gxf5 Qd5 36. Rf2 Rxf2 37. Kxf2 Qc5+ 38. Kf1 Qb5+ 39. Re2 Bxf6 40.
Qxf6 Qd3 41. fxg6 Qxh3+ 42. Rg2 hxg6 43. Kg1 Qe3+ 44. Rf2 Qg3+ 45. Kh1 Rf8 46.
e6 Qc7 47. e7 Qc1+ 48. Kg2 1-0

[Event "Andalucia Absoluto"]
[Site "?"]
[Date "2007.??.??"]
[Round "?"]
[White "Fernandez Calzada, Juan A"]
[Black "Vazquez Rodriguez, Jorge"]
[Result "0-1"]
[WhiteElo "1956"]
[BlackElo "1932"]
[PlyCount "41"]

1. e4 e5 2. f4 exf4 3. Nf3 g5 4. h4 g4 5. Ne5 f3 6. Nxg4 fxg2 7. Bxg2 Be7 8.
Qf3 Bxh4+ 9. Kd1 h5 10. Ne5 Bf6 11. Nd3 d5 12. Bh3 Bxh3 13. Rxh3 dxe4 14. Qxe4+
Ne7 15. Re3 Qc8 16. Nc3 Kf8 17. Rf3 Bxc3 18. bxc3 Qg4 19. Qe2 Nd7 20. Ba3 Rh6
21. Qf2 0-1

[Event "Andalucia Absoluto"]
[Site "?"]
[Date "2007.??.??"]
[Round "?"]
[White "De Haro Gonzalez, Antonio"]
[Black "Martin Lozano, Alvaro"]
[Result "0-1"]
[WhiteElo "1838"]
[BlackElo "1888"]
[PlyCount "92"]

1. d4 c5 2. c3 Nf6 3. Nf3 d5 4. h3 e6 5. Bf4 Nc6 6. e3 Be7 7. Nbd2 O-O 8. Be2
Nh5 9. Bh2 f5 10. Ne5 Nf6 11. Bb5 Qb6 12. Nxc6 bxc6 13. Ba4 Bd7 14. b3 Ne4 15.
Nxe4 fxe4 16. O-O Rf7 17. Rb1 Raf8 18. Rb2 Qd8 19. Bg3 Bh4 20. Bd6 Be7 21. Bxc5
Bxc5 22. dxc5 Qg5 23. Qg4 Qe7 24. b4 e5 25. Qg3 Rf3 26. gxf3 Rxf3 27. Kh2 Rxg3
28. fxg3 Qg5 29. Rbf2 h6 30. Re1 Qh5 31. h4 g5 32. Bd1 Qg6 33. h5 Qe6 34. g4
Be8 35. Ref1 Kg7 36. Kg3 Bd7 37. a4 Be8 38. Be2 d4 39. cxd4 exd4 40. exd4 Qb3+
41. Kg2 Qxb4 42. Rf8 Qd2 43. R8f2 e3 44. Rd1 Qc2 45. d5 exf2 46. d6 Qxe2 0-1

[Event "Andalucia Absoluto"]
[Site "?"]
[Date "2007.??.??"]
[Round "?"]
[White "Garrido Fernandez, Javier"]
[Black "Fidalgo Garcia, Sandra"]
[Result "1-0"]
[WhiteElo "2056"]
[BlackElo "2011"]
[PlyCount "43"]

1. e4 e6 2. d4 d5 3. Nc3 Nf6 4. Bg5 Bb4 5. Bd3 Nc6 6. Nf3 Ne7 7. e5 Nd7 8. O-O
a6 9. a3 Ba5 10. Be3 c5 11. b4 cxb4 12. axb4 Bxb4 13. Nb5 Nc6 14. Bg5 Qb6 15.
c3 Bf8 16. Qc2 h6 17. Rfb1 Ncxe5 18. dxe5 Nxe5 19. Nxe5 hxg5 20. Bg6 Rh4 21.
Nxf7 Kd7 22. g3 1-0

[Event "Andalucia Absoluto"]
[Site "?"]
[Date "2007.??.??"]
[Round "?"]
[White "Fernandez Quintero, Jose Antonio"]
[Black "Pedraza Fernandez, Miguel Angel"]
[Result "1-0"]
[WhiteElo "1944"]
[BlackElo "1971"]
[PlyCount "63"]

1. d4 Nf6 2. c4 d6 3. Nc3 e5 4. d5 Bf5 5. Nf3 c6 6. Nh4 Bg4 7. f3 Bh5 8. Nf5
Bg6 9. Ng3 Be7 10. e4 O-O 11. Be3 Nbd7 12. Qb3 Qc7 13. Bd3 Nc5 14. Bxc5 dxc5
15. O-O-O Bd6 16. h4 h6 17. Nge2 a6 18. g4 b5 19. dxc6 bxc4 20. Bxc4 Rab8 21.
Qa4 Rb4 22. Qxa6 Rfb8 23. Nb5 Rxc4+ 24. Nec3 Rxb5 25. Qxb5 Rb4 26. Qd3 Rd4 27.
Qa6 Kh8 28. Nb5 Rc4+ 29. Kb1 Qb8 30. Nxd6 Rb4 31. Qc8+ Qxc8 32. Nxc8 1-0